000 00669nam a2200241Ia 4500
003 OSt
005 20221007063757.0
006 a|||||r|||| 00| 0
007 ta
008 221006b |||||||| |||| 00| 0 eng d
024 _a17,325
037 _cTextual
040 _aFLL
_cFLL
_beng
041 _2eng
_aeng
082 _aXM55:Z2, L8
100 _aBhandari M.C. Au.
_9681253
245 0 _aHandbook on incorporation of companies limited by shares
250 _a2nd
260 _aCalcutta
_bInternational law book centre India
_c1978
300 _a102p
_ccm.
942 _hXM55:Z2, L8
_cTEXL
_2CC
999 _c1132161
_d1132161